| 000 | 00522nam a22001697a 4500 | ||
|---|---|---|---|
| 008 | 101209t xxu||||| |||| 00| 0 eng d | ||
| 020 | _a92-5-103427-3 | ||
| 040 | _aBIDOC | ||
| 041 | _aEn | ||
| 100 |
_aLABRADA, R. ; et. al. _912070 |
||
| 245 |
_aWeed management for developing countries _c/ Labrada, R. ; Caseley, J.C. ; Parker, C. |
||
| 300 |
_axviii - 384p. _c30 cm |
||
| 653 |
_aPlantes _aBiologie _aEcologie _aPays développés |
||
| 700 |
_aCaseley, J.C. _912071 |
||
| 700 |
_aParker, C. _912072 |
||
| 942 | _cLIVR | ||
| 999 |
_c48492 _d48492 |
||